| 000 | 00608nam a22001817a 4500 | ||
|---|---|---|---|
| 999 |
_c6051 _d6051 |
||
| 003 | OSt | ||
| 005 | 20260515062531.0 | ||
| 008 | 130402s2012 sp ||||| |||| 00| 0 cat d | ||
| 020 | _a9788498504095 | ||
| 040 |
_cCDMR _bcat |
||
| 100 | 1 |
_aHuertas, Josep Maria _d1939-2007 _928 |
|
| 245 | 1 | 0 |
_aGuia informal de la Barcelona dels anys 70 _cJosep Maria Huertas Claveria ; José Martí Gómez |
| 260 |
_aBarcelona _bAjuntament de Barcelona |
||
| 260 |
_bFederació d'Associacions de Veïns i Veïnes de Barcelona _c2012 |
||
| 650 |
_94 _aPeriodistes catalans |
||
| 700 | 1 |
_9673 _aMartí Gómez, José |
|
| 942 | _cMON | ||